Antonii Genuensis in Regia Neapolitana Academia ... professoris Disciplinarum Metaphysicarum elementa (Record no. 154276)

MARC details
000 -LEADER
campo de control de longitud fija 01106nam a22002775i 4500
001 - NÚMERO DE CONTROL
campo de control 154276
003 - IDENTIFICADOR DE NÚMERO DE CONTROL
campo de control ES-MaACL
005 - FECHA Y HORA DE LA ÚLTIMA TRANSACCIÓN
campo de control 20250724063418.0
008 - DATOS DE LONGITUD FIJA--INFORMACIÓN GENERAL
campo de control de longitud fija 960617s1785 it |||| | lat d
040 ## - FUENTE DE CATALOGACIÓN
Centro catalogador/agencia de origen CYL
Lengua de catalogación spa
Centro/agencia transcriptor CYL
100 1# - ENTRADA PRINCIPAL--NOMBRE DE PERSONA
Nombre de persona Genovesi, Antonio,
Fechas asociadas al nombre 1713-1769
9 (RLIN) 56347
245 10 - MENCIÓN DEL TÍTULO
Título Antonii Genuensis in Regia Neapolitana Academia ... professoris Disciplinarum Metaphysicarum elementa
Resto del título : mathematicum in morem adornata ... : tomus primus.
250 ## - MENCION DE EDICION
Mención de edición Editio novissima
Resto de la mención de edición ab ipso auctore ... reformata...
260 ## - PUBLICACIÓN, DISTRIBUCIÓN, ETC.
Lugar de publicación, distribución, etc. Bassani ;
-- prostant Venetiis :
Nombre del editor, distribuidor, etc. apud Remondini,
Fecha de publicación, distribución, etc. 1785.
300 ## - DESCRIPCIÓN FÍSICA
Extensión XXIV, 299 p. ;
Dimensiones 8º.
595 #1 -
-- Datos de ed. preceden a "tomus primus"
597 #1 - NOTA DE DESCRIPCIÓN FÍSICA
NOTA DE DESCRIPCIÓN FÍSICA Sign.: a\p8\s, b\p4\s, A-S\p8\s, T\p6\s.
597 #1 - NOTA DE DESCRIPCIÓN FÍSICA
NOTA DE DESCRIPCIÓN FÍSICA Port. con grab. xil.
597 #1 - NOTA DE DESCRIPCIÓN FÍSICA
NOTA DE DESCRIPCIÓN FÍSICA Antep.
700 11 - ENTRADA AGREGADA--NOMBRE PERSONAL
Nombre de persona Remondini, Giuseppe,
Fechas asociadas al nombre fl.1773-1811
9 (RLIN) 241383
740 01 - ENTRADA AGREGADA--TÍTULO RELACIONADO/ANALÍTICO NO CONTROLADO
Título relacionado o analítico no controlado Disciplinarum Metaphysicarum elementa ... tomus primus.
752 ## - ENTRADA AGREGADA--NOMBRE JERÁRQUICO DEL LUGAR
País o entidad superior Italia -
Ciudad Bassano
752 ## - ENTRADA AGREGADA--NOMBRE JERÁRQUICO DEL LUGAR
País o entidad superior Italia -
Ciudad Venecia
852 ## - LOCALIZACIÓN
Ubicación ES-MaACL
Número de control de estantería R-894-98
Nota libre -- Enc. perg.
Encuadernación Olim: G-1263-67
Holdings
Estatus retirado Estado de pérdida Estado de daño No para préstamo Colección Biblioteca de origen Biblioteca actual Ubicación en estantería Fecha de adquisición Total de préstamos Signatura topográfica completa Código de barras Visto por última vez Precio de reemplazo Tipo de ítem Koha
        Libros del s. XVIII Biblioteca del Ateneo de Madrid Biblioteca del Ateneo de Madrid Depósito 17/01/2008   R-894-98 1161326 23/02/2023 23/02/2023 Libro impreso antiguo